Перспективы использования термоэлектрических газовых генераторов в условиях вечной мерзлоты; Проблемы геологии и освоения недр; Т. 2

Bibliografiske detaljer
Parent link:Проблемы геологии и освоения недр=Problems of Geology and Subsurface Development: труды XXVIII Международного молодежного научного симпозиума имени академика М.А. Усова, посвященного 125-летию со дня рождения академика Академии наук СССР, профессора К.И. Сатпаева и 130-летию со дня рождения члена-корреспондента Академии наук СССР, профессора Ф.Н. Шахова, 1-5 апреля 2024 г., г. Томск/ Национальный исследовательский Томский политехнический университет, Инженерная школа природных ресурсов ; гл. ред. А. С. Боев ; под ред. Е. Ю. Пасечник.— .— Томск: Изд-во ТПУ, 2024
Т. 2.— 2024.— С. 100-101
Hovedforfatter: Лобанов М. В.
Institution som forfatter: Национальный исследовательский Томский политехнический университет (570)
Andre forfattere: Виноградов Е. Ю. (научный руководитель), Брусник О. В. Олег Владимирович
Summary:Заглавие с экрана
Текстовый файл
Sprog:russisk
Udgivet: 2024
Serier:Транспортировка и хранение нефти и газа
Fag:
Online adgang:http://earchive.tpu.ru/handle/11683/81099
Format: MixedMaterials Electronisk Book Chapter
KOHA link:https://koha.lib.tpu.ru/cgi-bin/koha/opac-detail.pl?biblionumber=676391

MARC

LEADER 00000naa2a2200000 4500
001 676391
005 20241115150029.0
090 |a 676391 
100 |a 20241107d2024 k||y0rusy50 ca 
101 0 |a rus 
102 |a RU 
135 |a drcn ---uucaa 
200 1 |a Перспективы использования термоэлектрических газовых генераторов в условиях вечной мерзлоты  |f Лобанов М. В., Виноградов Е. Ю.  |g науч. рук. О. В. Брусник ; Национальный исследовательский Томский политехнический университет 
225 1 |a Транспортировка и хранение нефти и газа 
300 |a Заглавие с экрана 
336 |a Текстовый файл 
461 1 |0 676173  |t Проблемы геологии и освоения недр  |l Problems of Geology and Subsurface Development  |o труды XXVIII Международного молодежного научного симпозиума имени академика М.А. Усова, посвященного 125-летию со дня рождения академика Академии наук СССР, профессора К.И. Сатпаева и 130-летию со дня рождения члена-корреспондента Академии наук СССР, профессора Ф.Н. Шахова, 1-5 апреля 2024 г., г. Томск  |f Национальный исследовательский Томский политехнический университет, Инженерная школа природных ресурсов ; гл. ред. А. С. Боев ; под ред. Е. Ю. Пасечник  |d 2024  |9 676173  |c Томск  |n Изд-во ТПУ 
463 1 |0 676180  |t Т. 2  |v С. 100-101  |d 2024  |9 676180  |p 1 файл (6,59 MB, 242 с.)   |u conference_tpu-2024-C11_V2.pdf 
610 1 |a труды учёных ТПУ 
610 1 |a электронный ресурс 
610 1 |a вечная мерзлота 
610 1 |a газовые термоэлектрические генераторы 
610 1 |a эффективность 
700 1 |a Лобанов  |b М. В. 
701 1 |a Виноградов  |b Е. Ю. 
702 1 |a Брусник  |b О. В.  |c специалист в области нефтегазового дела  |c доцент Томского политехнического университета, кандидат педагогических наук  |f 1974-  |g Олег Владимирович  |4 727 
712 0 2 |a Национальный исследовательский Томский политехнический университет  |c (2009- )  |9 26305  |4 570 
801 0 |a RU  |b 63413507  |c 20241107  |g RCR 
850 |a 63413507 
856 4 |u http://earchive.tpu.ru/handle/11683/81099  |z http://earchive.tpu.ru/handle/11683/81099 
942 |c CF